[Event "Styrian op U14/18 26th"]
[Site "Mureck"]
[Date "2019.08.07"]
[Round "8"]
[White "Martetschlaeger, Maria"]
[Black "Wendl, Paul"]
[Result "1/2-1/2"]
[WhiteElo "1425"]
[BlackElo "1540"]
[PlyCount "60"]
[EventDate "2019.07.31"]
[EventType "swiss"]
[EventRounds "9"]
[EventCountry "AUT"]
[SourceTitle "EXT 2020"]
[Source "ChessBase"]
[SourceDate "2019.10.17"]
[SourceVersion "1"]
[SourceVersionDate "2019.10.17"]
[SourceQuality "1"]

1. e4 e5 2. Nf3 Nc6 3. Bc4 Bc5 4. Nc3 d6 5. h3 Nf6 6. d3 h6 7. Be3 Bxe3 8. fxe3 0-0 9. Qe2 Be6 10. Bxe6 fxe6 11. 0-0-0 Ne7 12. g4 Nh7 13. h4 Kf7 14. g5 Ke8 15. gxh6 gxh6 16. Nh2 Nf6 17. Rdf1 Neg8 18. Ng4 Qe7 19. Rhg1 Kd7 20. Nxf6+ Nxf6 21. Rg6 h5 22. d4 exd4 23. Qb5+ Kc8 24. exd4 Nd7 25. Rxf8+ Nxf8 26. Rg8 Qf7 27. Qg5 b6 28. Rh8 Kb7 29. Rxh5 Nh7 30. Qh6 Nf6 1/2-1/2

[Event "Styrian op U14/18 26th"]
[Site "Mureck"]
[Date "2019.08.05"]
[Round "6"]
[White "Jauschneg, Fridolin"]
[Black "Martetschlaeger, Maria"]
[Result "0-1"]
[WhiteElo "1391"]
[BlackElo "1425"]
[PlyCount "100"]
[EventDate "2019.07.31"]
[EventType "swiss"]
[EventRounds "9"]
[EventCountry "AUT"]
[SourceTitle "EXT 2020"]
[Source "ChessBase"]
[SourceDate "2019.10.17"]
[SourceVersion "1"]
[SourceVersionDate "2019.10.17"]
[SourceQuality "1"]

1. e4 c5 2. c3 Nf6 3. e5 Nd5 4. d4 cxd4 5. cxd4 d6 6. Nf3 Nc6 7. Bc4 Nb6 8. Bb3 e6 9. 0-0 Be7 10. Nc3 0-0 11. a3 Bd7 12. Bc2 a6 13. Qd3 g6 14. Ne4 dxe5 15. dxe5 Nd5 16. Qd2 Re8 17. Qh6 Bf8 18. Qh3 Bg7 19. Bh6 Nxe5 20. Nfg5 Nf6 21. f4 Neg4 22. Bxg7 Kxg7 23. Bd1 Qb6+ 24. Kh1 h5 25. Qc3 Rac8 26. Qd2 Rcd8 27. Nxf6 Nxf6 28. Qc3 Rc8 29. Qe5 Bc6 30. Bf3 Bxf3 31. Rxf3 Qc5 32. Raf1 Qc2 33. h3 Rc5 34. R3f2 Qc4 35. Qe3 Rec8 36. Rd1 Rd5 37. Rff1 Rxd1 38. Rxd1 Qc2 39. Qd4 Rc4 40. Qd6 Qxb2 41. Qe7 Rc1 42. Nxe6+ Kh8 43. Qf8+ Ng8 44. Qxf7 Rxd1+ 45. Kh2 Qf6 46. Qxb7 Qxe6 47. Qf3 Rd4 48. Qc3 Qf6 49. Qc8 Qxf4+ 50. Kg1 Rd1# 0-1

[Event "AUT-ch U18 Girls"]
[Site "Sankt Veit an der Glan"]
[Date "2019.04.16"]
[Round "4"]
[White "Moerwald, Miriam"]
[Black "Martetschlaeger, Maria"]
[Result "1-0"]
[WhiteElo "1704"]
[BlackElo "1387"]
[PlyCount "113"]
[EventDate "2019.04.14"]
[EventType "swiss"]
[EventRounds "7"]
[EventCountry "AUT"]
[SourceTitle "CBM 190 Extra"]
[Source "ChessBase"]
[SourceDate "2019.07.15"]
[SourceVersion "1"]
[SourceVersionDate "2019.07.15"]
[SourceQuality "1"]

1. e4 c5 2. Be2 Nc6 3. f4 g6 4. Nf3 Bg7 5. c3 e6 6. d3 Nge7 7. 0-0 0-0 8. Qe1 d5 9. Qh4 f6 10. g4 e5 11. f5 g5 12. Qg3 b6 13. Rf2 Ba6 14. Na3 dxe4 15. dxe4 Bxe2 16. Rxe2 Qc7 17. Be3 Rfd8 18. Nb5 Qb7 19. Qe1 Rd3 20. Rd1 Rad8 21. Red2 Rxd2 22. Rxd2 Rxd2 23. Qxd2 h6 24. Ne1 Nc8 25. Ng2 Qe7 26. Qd5+ Qf7 27. Qxc6 Qf8 28. Qd5+ Kh8 29. Nc7 Ne7 30. Qd1 Qc8 31. Ne6 Qa8 32. Qd8+ Qxd8 33. Nxd8 Kg8 34. Ne6 Nc8 35. Bf2 Nd6 36. Ne3 Nxe4 37. Nd5 Bf8 38. Be1 Kf7 39. Kg2 Be7 40. Kf3 Nd6 41. b3 Nc8 42. a4 Bd6 43. h4 Bb8 44. h5 Bd6 45. Bf2 Bb8 46. Nd8+ Kg7 47. Ke3 Bd6 48. Kd3 Bb8 49. Ne6+ Kf7 50. a5 Bd6 51. Kc4 Bb8 52. axb6 axb6 53. Kb5 Bd6 54. Nxb6 Nxb6 55. Kxb6 Ke7 56. Bxc5 Bxc5+ 57. Kxc5 1-0

[Event "Styrian op U14/16 24th"]
[Site "Mureck"]
[Date "2017.08.09"]
[Round "8"]
[White "Martetschlaeger, Maria"]
[Black "Frank, Michael"]
[Result "1/2-1/2"]
[WhiteElo "1256"]
[BlackElo "1187"]
[PlyCount "127"]
[EventDate "2017.08.02"]
[EventType "swiss"]
[EventRounds "9"]
[EventCountry "AUT"]
[SourceTitle "EXT 2019"]
[Source "ChessBase"]
[SourceDate "2018.10.10"]
[SourceVersion "1"]
[SourceVersionDate "2018.10.10"]
[SourceQuality "1"]

1. e4 c5 2. Nf3 d6 3. d4 cxd4 4. Nxd4 Nf6 5. Nc3 a6 6. Be3 e5 7. Nf3 Be7 8. Bc4 0-0 9. Qd3 Be6 10. 0-0-0 Nc6 11. a3 b5 12. Bd5 Rc8 13. Ng5 Bxd5 14. exd5 Na5 15. f3 Nc4 16. Kb1 Nxe3 17. Qxe3 Nd7 18. h4 h6 19. Nge4 Nb6 20. g4 Nc4 21. Qd3 Bxh4 22. Rdg1 Bg5 23. Nxg5 Qxg5 24. Rh5 Qe3 25. Qxe3 Nxe3 26. Rgh1 f6 27. R5h2 Rc5 28. Rd2 Rfc8 29. Re1 Nc4 30. Rd3 Nb6 31. Red1 a5 32. R1d2 g6 33. Ne4 R5c7 34. Nxd6 Rf8 35. Nxb5 Rcf7 36. Nd6 Rd7 37. Ne4 f5 38. gxf5 Rxf5 39. b3 h5 40. Rg2 Kf7 41. d6 h4 42. c4 h3 43. Rh2 Rh5 44. Nf2 Ke6 45. Rxh3 Rxd6 46. Rxd6+ Kxd6 47. Rxh5 gxh5 48. Ne4+ Ke6 49. Ng5+ Kf5 50. Nh3 e4 51. fxe4+ Kxe4 52. c5 Nd7 53. b4 axb4 54. axb4 Kf3 55. Kc2 Kg3 56. Ng5 Kg4 57. Ne4 h4 58. Kd2 Kf4 59. Nf2 Ke5 60. Ke3 Kd5 61. Kf3 Nxc5 62. bxc5 Kxc5 63. Kg4 Kd5 64. Kxh4 1/2-1/2

[Event "Styrian op U14/16 23rd"]
[Site "Mureck"]
[Date "2016.08.06"]
[Round "4"]
[White "Nahold, Mark Alexander"]
[Black "Martetschlaeger, Maria"]
[Result "0-1"]
[WhiteElo "851"]
[BlackElo "1029"]
[PlyCount "94"]
[EventDate "2016.08.03"]
[EventType "swiss"]
[EventRounds "9"]
[EventCountry "AUT"]
[SourceTitle "CBM 174 Extra"]
[Source "ChessBase"]
[SourceDate "2016.10.10"]
[SourceVersion "1"]
[SourceVersionDate "2016.10.10"]
[SourceQuality "1"]

1. d4 d5 2. c4 e6 3. Nf3 Nf6 4. Nc3 Nbd7 5. e3 Bb4 6. Bd2 Bxc3 7. Bxc3 c5 8. Bd3 0-0 9. 0-0 h6 10. Re1 b6 11. Qe2 Rb8 12. e4 dxe4 13. Bxe4 Nxe4 14. Qxe4 b5 15. dxc5 Nxc5 16. Qd4 Qxd4 17. Bxd4 Nd3 18. Bxa7 Nxe1 19. Bxb8 Nxf3+ 20. gxf3 bxc4 21. Bd6 Rd8 22. Bc7 Rd7 23. Be5 f6 24. Bg3 Rd2 25. b3 c3 26. Bf4 Rd3 27. Kg2 c2 28. Rc1 Rc3 29. Bd2 Rc7 30. Kf1 g5 31. Ke2 Ba6+ 32. Ke3 f5 33. f4 g4 34. a4 h5 35. f3 Bb7 36. fxg4 hxg4 37. Kd3 Be4+ 38. Ke3 Rh7 39. b4 Rxh2 40. b5 g3 41. a5 g2 42. b6 Rh1 43. a6 Rxc1 44. Ke2 g1Q 45. Be3 Ra1 46. Bxg1 c1Q 47. Be3 Qe1# 0-1